000 01579cam a2200373 4500
008 040910n2004 000 0 eng u
020 _a0340815647
035 _a(Sirsi) u127321
041 _aeng
050 _a346.41043
_c18
100 _aBray, Judith
245 _aUnlocking land law
260 _aLondon
_bHodder and Stoughton
_c2004
300 _axxxiii, 486p.
_c25cm.
350 _a18.99
490 _aHodder and Stoughton Unlocking the Law
520 _aAimed primarily at students, this accessible text covers all aspects of land law, including recent developments such as the Land Registration Act 2002 and the introduction of commonhold. Combines explanations of the law with short summaries of cases and some practical exercises. Chapters cover the following areas: common law and equity; registered land; the transfer and creation of property interests; equitable rights in land; proprietary estoppel; co-ownership; trusts of land; easements; restrictive covenants; mortgages; leases; adverse possession; and commonhold. Includes tables of cases, statutes and statutory instruments.
650 _aREGISTERED LAND
650 _aLAND REGISTRATION ACT 2002
650 _aCO-OWNERSHIP
650 _aPROPERTY INTERESTS
650 _aLICENCES
650 _aPROPRIETARY ESTOPPEL
650 _aEASEMENTS
650 _aMORTGAGES
650 _aRESTRICTIVE COVENANTS
650 _aLEASES
650 _aTRUSTS OF LAND
650 _aLAND OWNERSHIP
650 _aADVERSE POSSESSION
650 _aCOMMONHOLD
690 _aPROPERTY
942 _n0
999 _c103731
_d103731